000 01368cam a2200337 a 4500
001 EDZ0000072220
003 StDuBDS
005 20161031105117.0
006 m||||||||d||||||||
007 cr |||||||||||
008 120412s2007 enk fo| 001|0|eng d
020 _a9781446214015 (ebook) :
_cNo price
040 _aStDuBDS
_beng
_cStDuBDS
_epn
049 _aAlfaisal Main Library
050 0 _aLB2806
_b.D447 2007
082 0 4 _a371.2011
_223
245 0 0 _aDeveloping sustainable leadership
_h[electronic resource] /
_cedited by Brent Davies.
260 _aLondon :
_bPaul Chapman,
_c2007.
300 _a1 online resource (xvi, 199 p.)
504 _aIncludes bibliographical references and index.
520 8 _aProviding a complete guide to sustaining and developing leaders and their schools in today's complex educational environment this book's 11 leading authors have an international reputation for their work in leadership development.
521 _aSpecialized.
588 _aDescription based on print version record.
650 0 _aEducational leadership.
655 7 _aElectronic books.
_2local
700 1 _aDavies, Brent,
_d1949-
710 2 _aSage eBooks
776 0 8 _iPrint version :
_z9781412923965
856 4 0 _uhttp://ezproxy.alfaisal.edu/login?url=http://sk.sagepub.com/books/developing-sustainable-leadership
942 _2lcc
_cEBOOKS
999 _c479503
_d479503